000 00396nam a22001697a 4500
005 20160701154124.0
008 160701b xxu||||| |||| 00| 0 eng d
020 _a978-93-80856-04-9
041 _aeng
082 _b20730
100 _aReddy, Dr P Jaya Rani
_93409
245 _aHydrology
260 _buniversity science
300 _a504
650 _aDiploma Engineering
_9817
942 _cBK
999 _c5118
_d5116